<?xml version="1.0" encoding="UTF-8"?>
<record
    xmlns:xsi="http://www.w3.org/2001/XMLSchema-instance"
    xsi:schemaLocation="http://www.loc.gov/MARC21/slim http://www.loc.gov/standards/marcxml/schema/MARC21slim.xsd"
    xmlns="http://www.loc.gov/MARC21/slim">

  <leader>00764nam a22001697a 4500</leader>
  <datafield tag="999" ind1=" " ind2=" ">
    <subfield code="c">178096</subfield>
    <subfield code="d">178096</subfield>
  </datafield>
  <datafield tag="010" ind1=" " ind2=" ">
    <subfield code="a">MAL-9233</subfield>
  </datafield>
  <datafield tag="020" ind1=" " ind2=" ">
    <subfield code="a">978-81-8268-050-0</subfield>
    <subfield code="c">300.00</subfield>
  </datafield>
  <datafield tag="035" ind1=" " ind2=" ">
    <subfield code="a">MA-8690</subfield>
  </datafield>
  <datafield tag="082" ind1=" " ind2=" ">
    <subfield code="a">&#xD15;</subfield>
  </datafield>
  <datafield tag="100" ind1=" " ind2=" ">
    <subfield code="a">&#xD15;&#xD4B;&#xD1F;&#xD4D;&#xD1F;&#xD3E;&#xD30;&#xD24;&#xD4D;&#xD24;&#xD3F;&#xD7D; , &#xD36;&#xD19;&#xD4D;&#xD15;&#xD41;&#xD23;&#xD4D;&#xD23;&#xD3F;</subfield>
  </datafield>
  <datafield tag="245" ind1=" " ind2=" ">
    <subfield code="a">&#xD10;&#xD24;&#xD4D;&#xD24;&#xD3F;&#xD39;&#xD4D;&#xD2F;&#xD3E;&#xD2E;&#xD32;  :&#xD15;&#xD4D;&#xD37;&#xD47;&#xD24;&#xD4D;&#xD30; &#xD2E;&#xD39;&#xD3E;&#xD24;&#xD4D;&#xD2E;&#xD4D;&#xD2F; &#xD15;&#xD25;&#xD15;&#xD4D;&#xD15;&#xD7D; /</subfield>
    <subfield code="c">&#xD15;&#xD4B;&#xD1F;&#xD4D;&#xD1F;&#xD3E;&#xD30;&#xD24;&#xD4D;&#xD24;&#xD3F;&#xD7D; , &#xD36;&#xD19;&#xD4D;&#xD15;&#xD41;&#xD23;&#xD4D;&#xD23;&#xD3F;</subfield>
  </datafield>
  <datafield tag="246" ind1=" " ind2=" ">
    <subfield code="a">AITHIHYAMALA : KSHETHRA MAHATMYA KATHAKAL</subfield>
  </datafield>
  <datafield tag="260" ind1=" " ind2=" ">
    <subfield code="a">Kozhikode , Keralam India</subfield>
    <subfield code="b">The Mathrubhumi Printing and Publishing Co,Ltd.</subfield>
    <subfield code="c">2019</subfield>
  </datafield>
  <datafield tag="270" ind1=" " ind2=" ">
    <subfield code="a">The Mathrubhumi Printing and Publishing Co,Ltd.,Kozhikode , Keralam India</subfield>
  </datafield>
  <datafield tag="300" ind1=" " ind2=" ">
    <subfield code="a">ix, 382p.</subfield>
    <subfield code="b">21cm(pbk.)</subfield>
  </datafield>
  <datafield tag="942" ind1=" " ind2=" ">
    <subfield code="2">ddc</subfield>
    <subfield code="c">MA</subfield>
    <subfield code="h">&#xD15;</subfield>
    <subfield code="k">&#xD15;&#xD4B;</subfield>
  </datafield>
  <datafield tag="952" ind1=" " ind2=" ">
    <subfield code="0">0</subfield>
    <subfield code="1">0</subfield>
    <subfield code="4">0</subfield>
    <subfield code="7">0</subfield>
    <subfield code="8">FIC</subfield>
    <subfield code="a">L</subfield>
    <subfield code="b">L</subfield>
    <subfield code="d">2021-03-17</subfield>
    <subfield code="e">DBAD/PUB</subfield>
    <subfield code="g">300.00</subfield>
    <subfield code="l">0</subfield>
    <subfield code="o">&#xD15;</subfield>
    <subfield code="p">MA-8690</subfield>
    <subfield code="r">2021-03-17 00:00:00</subfield>
    <subfield code="t">1</subfield>
    <subfield code="v">300.00</subfield>
    <subfield code="w">2021-03-17</subfield>
    <subfield code="y">MA</subfield>
  </datafield>
</record>
